000 00408pab a2200157 454500
008 180718b2005 xxu||||| |||| 00| 0 eng d
100 _aChandra Shekhar
245 _aNepal troubled present and uncertain future
260 _c2005
300 _ap.422-27.
362 _aJul-Sep
650 _aNepal - Politics and government
650 _aPolitics and government
773 _aUSI Journal
909 _a67589
999 _c67589
_d67589